[Event "POL-chT2 U18"]
[Site "Augustow"]
[Date "1996.??.??"]
[Round "?"]
[White "Kopacz, Grzegorz"]
[Black "Kowala, M."]
[Result "1-0"]
[WhiteElo "2130"]
[BlackElo "1800"]
[PlyCount "129"]
[EventDate "1996.??.??"]
[EventType "team"]
[EventRounds "10"]
[EventCountry "POL"]
[SourceTitle "EXT 2003"]
[Source "ChessBase"]
[SourceDate "2002.11.25"]
[SourceVersion "1"]
[SourceVersionDate "2002.11.25"]
[SourceQuality "1"]

1. c4 e5 2. Nc3 Nc6 3. g3 g6 4. Bg2 Bg7 5. d3 Nge7 6. e3 d6 7. Nge2 Be6 8. Nd5 0-0 9. 0-0 Qc8 10. Nec3 a6 11. Rb1 Rb8 12. b4 b5 13. a3 Qd7 14. Qc2 f5 15. Bb2 bxc4 16. dxc4 e4 17. Qa4 Ra8 18. Rfd1 Rfd8 19. Bf1 Ne5 20. Qxd7 Rxd7 21. Nxe7+ Rxe7 22. Nd5 Rd7 23. Be2 Rb8 24. Bd4 Nc6 25. Nf6+ Bxf6 26. Bxf6 Kf7 27. Bc3 Ne5 28. Bxe5 dxe5 29. Rxd7+ Bxd7 30. Rd1 Ke6 31. Rd5 c6 32. Ra5 Bc8 33. c5 Ra8 34. Kf1 g5 35. Bc4+ Kd7 36. b5 cxb5 37. Bxb5+ Kc7 38. Ke2 Bb7 39. Bc4 Rb8 40. Kd2 Ra8 41. Kc2 Re8 42. Kc3 f4 43. Bxa6 Ra8 44. Bxb7 Rxa5 45. Kb4 Ra7 46. Bxe4 Ra6 47. h4 h6 48. a4 fxg3 49. fxg3 Rf6 50. h5 Kb8 51. Kb5 Ka7 52. c6 Rf7 53. Kc5 Rc7 54. Kd6 Kb8 55. Bf5 Ra7 56. Bd7 Ra6 57. e4 Ra7 58. Kxe5 Kc7 59. Kf6 Rxa4 60. e5 Ra1 61. e6 Rf1+ 62. Kg6 Kd8 63. Kxh6 Rf3 64. g4 Rc3 65. Kxg5 1-0